[Event "Oviedo op 10th"]
[Site "Oviedo"]
[Date "2024.08.09"]
[Round "7"]
[White "Recuero Guerra, Javier"]
[Black "Panelo Munoz, Marcelo A"]
[Result "0-1"]
[WhiteElo "2134"]
[BlackElo "2373"]
[PlyCount "108"]
[EventDate "2024.08.05"]
[EventType "swiss"]
[EventRounds "9"]
[EventCountry "ESP"]
[SourceTitle "CBM 221 Extra"]
[Source "ChessBase"]
[SourceDate "2024.09.30"]
[SourceVersion "1"]
[SourceVersionDate "2024.09.30"]
[SourceQuality "1"]

1. e4 e5 2. Nf3 Nc6 3. Bb5 a6 4. Ba4 Nf6 5. 0-0 Nxe4 6. d4 b5 7. Bb3 d5 8. dxe5 Be6 9. c3 Bc5 10. Nbd2 0-0 11. Bc2 Nxf2 12. Rxf2 f6 13. exf6 Bxf2+ 14. Kxf2 Qxf6 15. Kg1 Rae8 16. Nb3 Ne5 17. Be3 Nxf3+ 18. Qxf3 Qxf3 19. gxf3 Rxf3 20. Bd2 Bh3 21. Nd4 Rf6 22. Bg5 Rf7 23. Bb3 Re5 24. Bh4 c5 25. Nc6 Rh5 26. Bd8 Kf8 27. Bc2 Ke8 28. a4 Rf4 29. axb5 axb5 30. Bd3 c4 31. Be2 Rh6 32. Ra8 Kd7 33. Bg5 Re4 34. Bf3 Rg6 35. Nb8+ Kc7 36. Na6+ Kb6 37. Bxe4 Rxg5+ 38. Kf2 dxe4 39. Nb4 Rg2+ 40. Ke3 Rxb2 41. Rg8 Bf5 42. h4 g6 43. Rg7 h5 44. Nd5+ Kc5 45. Nb4 Rxb4 46. cxb4+ Kxb4 47. Kd4 e3 48. Re7 c3 49. Rxe3 c2 50. Rc3 Ka4 51. Kc5 b4 52. Rc4 Ka3 53. Kd4 b3 54. Rc7 Kb2 0-1

[Event "Titled Tuesday intern op 02nd Apr Early"]
[Site "Chess.com INT"]
[Date "2024.04.02"]
[Round "4"]
[White "Mizzi, Jack"]
[Black "Recuero Guerra, Javier"]
[Result "1-0"]
[WhiteElo "2051"]
[BlackElo "2152"]
[PlyCount "131"]
[EventDate "2024.04.02"]
[EventType "swiss (blitz)"]
[EventRounds "11"]
[EventCountry "USA"]
[SourceTitle "CBM 219 Extra"]
[Source "ChessBase"]
[SourceDate "2024.05.31"]
[SourceVersion "1"]
[SourceVersionDate "2024.05.31"]
[SourceQuality "1"]

1. d4 Nf6 2. c4 d6 3. g3 e5 4. dxe5 dxe5 5. Qxd8+ Kxd8 6. Nc3 Be6 7. Bg2 c6 8. b3 a5 9. Bb2 Nbd7 10. 0-0-0 Kc7 11. Nf3 Ng4 12. Rhf1 f6 13. h3 Nh6 14. g4 Nf7 15. Nd2 h5 16. f3 h4 17. Nde4 Nc5 18. Kc2 Nxe4 19. fxe4 Bc5 20. Rd3 Ng5 21. Na4 Be7 22. Bc1 b5 23. cxb5 cxb5 24. Nc3 b4 25. Nd5+ Bxd5 26. exd5 Kd6 27. Be3 Rac8+ 28. Kb1 Nf7 29. Be4 a4 30. Bf5 Rc3 31. Rxc3 bxc3 32. Kc2 axb3+ 33. axb3 Ra8 34. Kxc3 Nd8 35. Kc4 Nb7 36. b4 Kc7 37. Rc1 Ra3 38. Kb5+ Kd6 39. Bc5+ Nxc5 40. bxc5+ Kc7 41. d6+ Bxd6 42. cxd6+ Kxd6 43. Rd1+ Ke7 44. Rd3 Ra2 45. Re3 Kd6 46. Kc4 Ra4+ 47. Kd3 Ra3+ 48. Ke4 Ra4+ 49. Kf3 Rf4+ 50. Kg2 Ke7 51. Rd3 Ke8 52. Ra3 Rd4 53. Ra7 g5 54. Bg6+ Kd8 55. Rf7 Rd6 56. Kf3 Rb6 57. Ke4 Rb4+ 58. Kf5 Rf4+ 59. Ke6 Rf2 60. Bd3 e4 61. Bb5 Rh2 62. Kxf6 Rxh3 63. Kxg5 Re3 64. Rh7 h3 65. Kf4 Kc8 66. Kxe3 1-0

[Event "Titled Tuesday intern op 05th Mar Early"]
[Site "Chess.com INT"]
[Date "2024.03.05"]
[Round "1"]
[White "Causo, Deniel"]
[Black "Recuero Guerra, Javier"]
[Result "1-0"]
[WhiteElo "2224"]
[BlackElo "2146"]
[PlyCount "71"]
[EventDate "2024.03.05"]
[EventType "swiss (blitz)"]
[EventRounds "11"]
[EventCountry "USA"]
[SourceTitle "EXT 2025"]
[Source "ChessBase"]
[SourceDate "2024.10.14"]
[SourceVersion "1"]
[SourceVersionDate "2024.10.14"]
[SourceQuality "1"]

1. e4 c5 2. c3 Nf6 3. e5 Nd5 4. d4 cxd4 5. cxd4 d6 6. Bc4 Nb6 7. Bb5+ Bd7 8. e6 fxe6 9. Bd3 g6 10. h4 Bg7 11. h5 Nc6 12. hxg6 h6 13. Nf3 Qc7 14. Nc3 a6 15. Be3 Nd5 16. Nxd5 exd5 17. a3 Bg4 18. Rh4 Qd7 19. Qd2 e5 20. Be2 e4 21. Ng1 Bf5 22. Nh3 Bxg6 23. Nf4 Bf7 24. Bh5 0-0-0 25. 0-0-0 Kb8 26. Kb1 Bf6 27. Rh2 Bg5 28. Bxf7 Qxf7 29. Nh5 Rhg8 30. Rdh1 Rdf8 31. g3 Qf3 32. Nf4 Ne7 33. Ne6 Bxe3 34. fxe3 Rf6 35. Rxh6 Rxg3 36. Rh8+ 1-0

[Event "Titled Tuesday intern op 05th Mar Early"]
[Site "Chess.com INT"]
[Date "2024.03.05"]
[Round "7"]
[White "Dinu, Dumitru Daniel"]
[Black "Recuero Guerra, Javier"]
[Result "1-0"]
[WhiteElo "2190"]
[BlackElo "2146"]
[PlyCount "65"]
[EventDate "2024.03.05"]
[EventType "swiss (blitz)"]
[EventRounds "11"]
[EventCountry "USA"]
[SourceTitle "EXT 2025"]
[Source "ChessBase"]
[SourceDate "2024.10.14"]
[SourceVersion "1"]
[SourceVersionDate "2024.10.14"]
[SourceQuality "1"]

1. Nf3 Nf6 2. c4 d6 3. g3 g6 4. d4 Bg7 5. Nc3 Bf5 6. Bg2 Ne4 7. Nh4 Nxc3 8. bxc3 Bc8 9. 0-0 0-0 10. Rb1 Nc6 11. Nf3 e5 12. Ba3 Re8 13. dxe5 dxe5 14. Qxd8 Rxd8 15. Ng5 Bf5 16. Rxb7 Na5 17. Rb5 Nxc4 18. Bxa8 Nxa3 19. Rb3 Nc4 20. Bd5 Rxd5 21. Rb8+ Bf8 22. e4 Ra5 23. exf5 Rxa2 24. f6 Nd6 25. Rd1 a5 26. Ne4 a4 27. Nc5 a3 28. Nd7 h5 29. Nxf8 Rc2 30. Ne6+ Kh7 31. Ng5+ Kh6 32. h4 a2 33. Rh8# 1-0

[Event "Titled Tuesday intern op 05th Mar Early"]
[Site "Chess.com INT"]
[Date "2024.03.05"]
[Round "8"]
[White "Recuero Guerra, Javier"]
[Black "Donatti, Alvaro"]
[Result "0-1"]
[WhiteElo "2146"]
[BlackElo "2193"]
[PlyCount "48"]
[EventDate "2024.03.05"]
[EventType "swiss (blitz)"]
[EventRounds "11"]
[EventCountry "USA"]
[SourceTitle "EXT 2025"]
[Source "ChessBase"]
[SourceDate "2024.10.14"]
[SourceVersion "1"]
[SourceVersionDate "2024.10.14"]
[SourceQuality "1"]

1. e4 c5 2. c3 e6 3. d4 d5 4. exd5 exd5 5. Bb5+ Nc6 6. Nf3 Nf6 7. 0-0 Be7 8. dxc5 0-0 9. h3 Bxc5 10. Nbd2 Re8 11. Nb3 Bb6 12. Nbd4 Qd6 13. Bg5 Ne4 14. Be3 Qg6 15. Kh1 Ng3+ 16. fxg3 Rxe3 17. Nxc6 bxc6 18. Nh4 Qxg3 19. Nf5 Bxf5 20. Rxf5 Rae8 21. Qg4 Re1+ 22. Rxe1 Rxe1+ 23. Bf1 Qe3 24. Qf3 Qg1# 0-1

[Event "Titled Tuesday intern op 05th Mar Early"]
[Site "Chess.com INT"]
[Date "2024.03.05"]
[Round "2"]
[White "Recuero Guerra, Javier"]
[Black "Iljin, Timofey"]
[Result "0-1"]
[WhiteElo "2146"]
[BlackElo "2285"]
[PlyCount "124"]
[EventDate "2024.03.05"]
[EventType "swiss (blitz)"]
[EventRounds "11"]
[EventCountry "USA"]
[SourceTitle "EXT 2025"]
[Source "ChessBase"]
[SourceDate "2024.10.14"]
[SourceVersion "1"]
[SourceVersionDate "2024.10.14"]
[SourceQuality "1"]

1. Nf3 f5 2. c4 Nf6 3. Nc3 g6 4. g3 Bg7 5. Bg2 0-0 6. 0-0 d6 7. d4 Qe8 8. d5 Na6 9. Nd4 Bd7 10. Re1 c6 11. e4 fxe4 12. Nxe4 Nxe4 13. Bxe4 Qf7 14. Be3 Nc5 15. Bg2 cxd5 16. cxd5 a5 17. Rc1 Rac8 18. Qd2 a4 19. Bg5 Rce8 20. Rc3 Be5 21. Rf3 Bf6 22. Bh6 Bg4 23. Rf4 Bd7 24. Ne6 g5 25. Bxg5 Bxe6 26. dxe6 Qg6 27. Bxf6 Rxf6 28. Rxf6 Qxf6 29. Qb4 Kh8 30. Re3 Qg6 31. h4 Rf8 32. Qd4+ Kg8 33. b4 axb3 34. axb3 Rf6 35. Qd5 Qb1+ 36. Kh2 Rxf2 37. Qg5+ Qg6 38. Qxe7 Rf8 39. Qxd6 b6 40. Qd5 Kg7 41. Qd4+ Kg8 42. Qd5 Kg7 43. e7 Re8 44. Qd4+ Kh6 45. Qf4+ Kg7 46. Qe5+ Kh6 47. Bf3 Nd3 48. Qg5+ Qxg5 49. hxg5+ Kxg5 50. Rxd3 Rxe7 51. Kg2 Rc7 52. b4 Rc2+ 53. Kh3 Rb2 54. Rd4 Kf6 55. Bc6 Ke5 56. Rf4 Kd6 57. b5 Kc5 58. Rh4 Rb1 59. Rxh7 Kb4 60. g4 Rb3+ 61. Kh4 Rb2 62. Kh5 Kc5 0-1

[Event "Titled Tuesday intern op 27th Feb Early"]
[Site "Chess.com INT"]
[Date "2024.02.27"]
[Round "3"]
[White "Ahmad, Khagan"]
[Black "Recuero Guerra, Javier"]
[Result "1-0"]
[WhiteElo "2317"]
[BlackElo "2146"]
[PlyCount "115"]
[EventDate "2024.02.27"]
[EventType "swiss (blitz)"]
[EventRounds "11"]
[EventCountry "USA"]
[SourceTitle "EXT 2025"]
[Source "ChessBase"]
[SourceDate "2024.10.14"]
[SourceVersion "1"]
[SourceVersionDate "2024.10.14"]
[SourceQuality "1"]

1. Nf3 Nf6 2. c4 d6 3. Nc3 e5 4. g3 g6 5. Bg2 Bg7 6. 0-0 0-0 7. d4 Nbd7 8. b3 Re8 9. dxe5 dxe5 10. Bb2 e4 11. Nd4 a6 12. e3 c5 13. Nde2 Ne5 14. Qxd8 Rxd8 15. Nxe4 Nxe4 16. Bxe4 Rd2 17. Bxe5 Bxe5 18. Rae1 Bh3 19. Bg2 Bxg2 20. Kxg2 Rxa2 21. Nf4 Bxf4 22. exf4 Kf8 23. Re5 b6 24. Rd1 Re8 25. Rd6 Rxe5 26. fxe5 b5 27. Rc6 bxc4 28. bxc4 Ke7 29. Rxc5 Ke6 30. Kf3 h5 31. Ke3 a5 32. h3 a4 33. f4 Rg2 34. Rc6+ Ke7 35. Kf3 Rc2 36. c5 a3 37. Ra6 Rxc5 38. Rxa3 Rc4 39. Ra7+ Ke6 40. Ra6+ Ke7 41. Ra3 Rb4 42. g4 hxg4+ 43. Kxg4 Rb1 44. h4 Rg1+ 45. Rg3 Rf1 46. Kg5 Ke6 47. Rg2 Rf3 48. Re2 Rg3+ 49. Kh6 Kf5 50. Kg7 Ke6 51. Rd2 Rg4 52. Rd6+ Ke7 53. Rf6 Rxh4 54. Rxf7+ Ke6 55. Rf6+ Ke7 56. Kxg6 Rg4+ 57. Kf5 Rg8 58. Ra6 1-0

[Event "Titled Tuesday intern op 27th Feb Early"]
[Site "Chess.com INT"]
[Date "2024.02.27"]
[Round "6"]
[White "Recuero Guerra, Javier"]
[Black "Yarullina, Alina"]
[Result "1-0"]
[WhiteElo "2146"]
[BlackElo "2084"]
[PlyCount "37"]
[EventDate "2024.02.27"]
[EventType "swiss (blitz)"]
[EventRounds "11"]
[EventCountry "USA"]
[SourceTitle "EXT 2025"]
[Source "ChessBase"]
[SourceDate "2024.10.14"]
[SourceVersion "1"]
[SourceVersionDate "2024.10.14"]
[SourceQuality "1"]

1. e4 e5 2. Nf3 Nf6 3. Nxe5 Nxe4 4. Qe2 Qe7 5. Qxe4 d6 6. d4 dxe5 7. dxe5 Nc6 8. Bb5 Bd7 9. 0-0 0-0-0 10. Re1 a6 11. Bf1 Nb4 12. a3 Nc6 13. Nc3 Qc5 14. Bf4 Be7 15. Nd5 Be6 16. Nxe7+ Nxe7 17. Bg5 Bf5 18. Bxe7 Bxe4 19. Bxc5 1-0

[Event "Titled Tuesday intern op 06th Feb Early"]
[Site "Chess.com INT"]
[Date "2024.02.06"]
[Round "6"]
[White "Belmonte, Diego Mariano"]
[Black "Recuero Guerra, Javier"]
[Result "0-1"]
[WhiteElo "2305"]
[BlackElo "2146"]
[PlyCount "88"]
[EventDate "2024.02.06"]
[EventType "swiss (blitz)"]
[EventRounds "11"]
[EventCountry "USA"]
[SourceTitle "CBM 218 Extra"]
[Source "ChessBase"]
[SourceDate "2024.03.31"]
[SourceVersion "1"]
[SourceVersionDate "2024.03.31"]
[SourceQuality "1"]

1. d4 Nf6 2. Bg5 Ne4 3. Bf4 c5 4. f3 Qa5+ 5. c3 Nf6 6. d5 b5 7. e4 d6 8. Nd2 Nbd7 9. g4 g6 10. h4 h5 11. g5 Nh7 12. Bh3 Bg7 13. Ne2 Ne5 14. Bxc8 Rxc8 15. Bxe5 Bxe5 16. f4 Bg7 17. 0-0 b4 18. Nc4 Qb5 19. Qd3 Qd7 20. Qf3 Qg4+ 21. Qxg4 hxg4 22. Kg2 Nf8 23. Kg3 Nd7 24. Kxg4 Nb6 25. Nxb6 axb6 26. a3 b3 27. Rh1 Kd7 28. Rh3 b5 29. Rah1 Rb8 30. Nc1 b4 31. cxb4 cxb4 32. Rxb3 bxa3 33. bxa3 Rxb3 34. Nxb3 Rb8 35. Rb1 Ra8 36. Nd2 Rxa3 37. Rb7+ Kd8 38. Nc4 Ra4 39. Nb6 Rxe4 40. Rd7+ Ke8 41. Rc7 f5+ 42. gxf6 Bxf6 43. Rc8+ Kf7 44. Rh8 Bxh8 0-1

[Event "Titled Tuesday intern op 06th Feb Early"]
[Site "Chess.com INT"]
[Date "2024.02.06"]
[Round "2"]
[White "Recuero Guerra, Javier"]
[Black "Eilers, Stefan"]
[Result "0-1"]
[WhiteElo "2146"]
[BlackElo "2275"]
[PlyCount "54"]
[EventDate "2024.02.06"]
[EventType "swiss (blitz)"]
[EventRounds "11"]
[EventCountry "USA"]
[SourceTitle "CBM 218 Extra"]
[Source "ChessBase"]
[SourceDate "2024.03.31"]
[SourceVersion "1"]
[SourceVersionDate "2024.03.31"]
[SourceQuality "1"]

1. e4 g6 2. d4 Bg7 3. c3 c6 4. Bd3 d5 5. e5 f6 6. f4 Nh6 7. Nf3 0-0 8. 0-0 Bg4 9. h3 Bxf3 10. Rxf3 fxe5 11. fxe5 Rxf3 12. Qxf3 e6 13. Be3 Nd7 14. Nd2 Qe7 15. Rf1 Rf8 16. Qe2 Nf5 17. Bf4 c5 18. g4 Nh6 19. Be3 cxd4 20. cxd4 Rxf1+ 21. Qxf1 Qh4 22. Qg2 Qe7 23. Qf1 Nf7 24. Qc1 Qh4 25. Qf1 Qg3+ 26. Kh1 Qxe3 27. Nb3 Ng5 0-1

[Event "Titled Tuesday intern op 06th Feb Early"]
[Site "Chess.com INT"]
[Date "2024.02.06"]
[Round "11"]
[White "Recuero Guerra, Javier"]
[Black "Gordon, David"]
[Result "1-0"]
[WhiteElo "2146"]
[BlackElo "2031"]
[PlyCount "117"]
[EventDate "2024.02.06"]
[EventType "swiss (blitz)"]
[EventRounds "11"]
[EventCountry "USA"]
[SourceTitle "CBM 218 Extra"]
[Source "ChessBase"]
[SourceDate "2024.03.31"]
[SourceVersion "1"]
[SourceVersionDate "2024.03.31"]
[SourceQuality "1"]

1. e4 c5 2. c3 Nf6 3. e5 Nd5 4. Bc4 Nb6 5. Bb3 c4 6. Bc2 Nc6 7. Nf3 d6 8. exd6 e5 9. 0-0 Bxd6 10. b3 0-0 11. bxc4 Nxc4 12. Qe2 Nb6 13. h3 f5 14. d4 e4 15. Bb3+ Kh8 16. Ng5 Qf6 17. Qh5 h6 18. Nf7+ Rxf7 19. Qxf7 Qxf7 20. Bxf7 g5 21. Ba3 Bc7 22. Nd2 Kg7 23. Bb3 Bd7 24. Bc5 Bf4 25. Nc4 Nxc4 26. Bxc4 b6 27. Ba3 Na5 28. Bb3 Nxb3 29. axb3 Rc8 30. c4 a5 31. Bb2 Kf7 32. d5 Bd2 33. Rfd1 Bb4 34. Rdc1 Bc5 35. Ba3 Bd4 36. Rab1 f4 37. Bb2 Bc5 38. Rd1 Bf5 39. Bd4 e3 40. Rb2 exf2+ 41. Bxf2 Re8 42. Bxc5 bxc5 43. Kf2 Re3 44. Re1 Rc3 45. d6 Be6 46. Rd1 Ke8 47. d7+ Bxd7 48. Re2+ Kd8 49. Red2 Rxb3 50. Rxd7+ Kc8 51. Rd8+ Kb7 52. R8d7+ Kb8 53. R7d6 Rb2+ 54. Kf3 Rb3+ 55. Kg4 Rg3+ 56. Kf5 Rxg2 57. Rxh6 f3 58. Rh7 f2 59. Rd8# 1-0

[Event "Titled Tuesday intern op 09th Jan Early"]
[Site "Chess.com INT"]
[Date "2024.01.09"]
[Round "9"]
[White "Terziev, Dimo"]
[Black "Recuero Guerra, Javier"]
[Result "0-1"]
[WhiteElo "2123"]
[BlackElo "2146"]
[PlyCount "108"]
[EventDate "2024.01.09"]
[EventType "swiss (blitz)"]
[EventRounds "11"]
[EventCountry "USA"]
[SourceTitle "CBM 218 Extra"]
[Source "ChessBase"]
[SourceDate "2024.03.31"]
[SourceVersion "1"]
[SourceVersionDate "2024.03.31"]
[SourceQuality "1"]

1. e4 c5 2. Nf3 e6 3. d4 cxd4 4. Qxd4 Nc6 5. Qe3 Nf6 6. Be2 d5 7. exd5 Nxd5 8. Qb3 Be7 9. 0-0 0-0 10. Rd1 Qb6 11. Qxb6 Nxb6 12. Be3 Nd5 13. Bd2 Bf6 14. c3 b6 15. Na3 Bb7 16. Nc2 Rfd8 17. Bf1 Rac8 18. Ne3 Nxe3 19. Bxe3 Ne7 20. Be2 Nf5 21. Bf4 h6 22. Ne1 Ne7 23. Bf3 Bxf3 24. Nxf3 Nd5 25. Be5 Bxe5 26. Nxe5 f6 27. Nf3 Kf7 28. Rd2 Nc7 29. Rad1 Rxd2 30. Rxd2 Ke7 31. Nd4 Ne8 32. g4 e5 33. Nf5+ Kf8 34. f3 Rc7 35. Kg2 Kf7 36. Nd6+ Nxd6 37. Rxd6 Ke7 38. Rd2 Rd7 39. Rxd7+ Kxd7 40. Kf2 Kd6 41. Ke3 Kd5 42. Kd3 b5 43. b3 a5 44. h4 g6 45. a3 f5 46. gxf5 gxf5 47. Ke3 Kc5 48. Kd3 Kd5 49. Ke3 a4 50. bxa4 bxa4 51. Kd3 Kc5 52. c4 Kc6 53. Kc3 Kc5 54. Kd3 h5 0-1

[Event "Titled Tuesday intern op 09th Jan Early"]
[Site "Chess.com INT"]
[Date "2024.01.09"]
[Round "7"]
[White "Toktomushev, Teimur"]
[Black "Recuero Guerra, Javier"]
[Result "1-0"]
[WhiteElo "2249"]
[BlackElo "2146"]
[PlyCount "81"]
[EventDate "2024.01.09"]
[EventType "swiss (blitz)"]
[EventRounds "11"]
[EventCountry "USA"]
[SourceTitle "CBM 218 Extra"]
[Source "ChessBase"]
[SourceDate "2024.03.31"]
[SourceVersion "1"]
[SourceVersionDate "2024.03.31"]
[SourceQuality "1"]

1. d4 Nf6 2. c4 e6 3. Nf3 b6 4. g3 Bb7 5. Bg2 Be7 6. 0-0 0-0 7. Qc2 c5 8. d5 exd5 9. Nh4 Bc6 10. Nc3 d4 11. Nd5 Bxd5 12. cxd5 d6 13. Nf5 Nbd7 14. Bf4 Ne8 15. Qe4 Bf6 16. Bxd6 Nxd6 17. Nxd6 Qc7 18. Nb5 Qe5 19. Qg4 Rad8 20. Na3 Rfe8 21. Rfe1 Qg5 22. Qxg5 Bxg5 23. Nc4 Ne5 24. Nxe5 Rxe5 25. f4 Re3 26. fxg5 Rde8 27. Kf2 R8e5 28. h4 Rf5+ 29. Bf3 Rfe5 30. Rad1 Kf8 31. Rd3 Rxd3 32. exd3 Rxe1 33. Kxe1 Ke7 34. Kf2 Kd6 35. Be4 g6 36. Kf3 Ke5 37. h5 b5 38. hxg6 hxg6 39. b3 a5 40. a4 bxa4 41. bxa4 1-0

[Event "Titled Tuesday intern op 19th Dec Early"]
[Site "Chess.com INT"]
[Date "2023.12.19"]
[Round "6"]
[White "Tabuenca Mendataurigoitia, Daniel"]
[Black "Recuero Guerra, Javier"]
[Result "1-0"]
[WhiteElo "2343"]
[BlackElo "2146"]
[PlyCount "101"]
[EventDate "2023.12.19"]
[EventType "swiss (blitz)"]
[EventRounds "11"]
[EventCountry "USA"]
[SourceTitle "CBM 217 Extra"]
[Source "ChessBase"]
[SourceDate "2024.01.31"]
[SourceVersion "1"]
[SourceVersionDate "2024.01.31"]
[SourceQuality "1"]

1. Nf3 Nf6 2. g3 b6 3. Bg2 Bb7 4. 0-0 e6 5. c4 Be7 6. d3 0-0 7. b3 c5 8. e4 d6 9. Nc3 Nc6 10. Be3 e5 11. h3 Nd4 12. Nd5 Nxd5 13. cxd5 f5 14. Bxd4 cxd4 15. Rc1 Qd7 16. h4 Rac8 17. Qd2 f4 18. Kh2 Rxc1 19. Rxc1 Bc8 20. Ng1 Rd8 21. Bh3 Qe8 22. Rc7 Bxh3 23. Nxh3 Rd7 24. Rc6 Qh5 25. Kg2 f3+ 26. Kh2 Qg4 27. b4 h6 28. Ng1 Bxh4 29. Qd1 Be7 30. Qxf3 Qxf3 31. Nxf3 g5 32. g4 Kf7 33. b5 Ke8 34. Ng1 Kd8 35. Ne2 Rc7 36. Ng3 Rxc6 37. dxc6 Bf8 38. Nf5 Kc7 39. Kg2 a6 40. a4 axb5 41. axb5 Kd8 42. Kf1 Kc7 43. Ke2 Kd8 44. Kd1 Kc7 45. Kc2 d5 46. exd5 Bc5 47. Kd1 Bb4 48. Ke2 Bc5 49. Kf3 Bf8 50. Ke4 Bd6 51. Nxh6 1-0

[Event "Titled Tuesday intern op 19th Dec Early"]
[Site "Chess.com INT"]
[Date "2023.12.19"]
[Round "2"]
[White "Vakhlamov, Igor L"]
[Black "Recuero Guerra, Javier"]
[Result "1-0"]
[WhiteElo "2413"]
[BlackElo "2146"]
[PlyCount "51"]
[EventDate "2023.12.19"]
[EventType "swiss (blitz)"]
[EventRounds "11"]
[EventCountry "USA"]
[SourceTitle "CBM 217 Extra"]
[Source "ChessBase"]
[SourceDate "2024.01.31"]
[SourceVersion "1"]
[SourceVersionDate "2024.01.31"]
[SourceQuality "1"]

1. e4 c5 2. Nf3 e6 3. Nc3 Nc6 4. d4 cxd4 5. Nxd4 Qc7 6. Nxc6 bxc6 7. Qg4 d5 8. Qg3 Qxg3 9. hxg3 Nf6 10. Bd3 h6 11. Bd2 Bd7 12. 0-0-0 Bb4 13. a3 Bc5 14. f3 0-0 15. g4 Be7 16. e5 Ne8 17. f4 c5 18. g3 c4 19. Be2 f6 20. exf6 Nxf6 21. Bf3 Rad8 22. Be3 Bc6 23. Bd4 Rd7 24. Rde1 Re8 25. Rxe6 Kf7 26. Rhe1 1-0

[Event "Titled Tuesday intern op 12th Dec Early"]
[Site "Chess.com INT"]
[Date "2023.12.12"]
[Round "2"]
[White "Recuero Guerra, Javier"]
[Black "Tikhonov, Viacheslav"]
[Result "1-0"]
[WhiteElo "2146"]
[BlackElo "2160"]
[PlyCount "83"]
[EventDate "2023.12.12"]
[EventType "swiss (blitz)"]
[EventRounds "11"]
[EventCountry "USA"]
[SourceTitle "CBM 217 Extra"]
[Source "ChessBase"]
[SourceDate "2024.01.31"]
[SourceVersion "1"]
[SourceVersionDate "2024.01.31"]
[SourceQuality "1"]

1. e4 c5 2. Nf3 g6 3. c4 Nc6 4. d4 cxd4 5. Nxd4 Nf6 6. Nc3 Nxd4 7. Qxd4 d6 8. Be2 Bg7 9. 0-0 0-0 10. Qd1 Be6 11. Be3 Qa5 12. Rc1 Rfc8 13. b3 Qd8 14. Qd2 a6 15. f3 h5 16. Rfd1 Kh7 17. Nd5 Nxd5 18. cxd5 Bd7 19. a4 a5 20. Bd4 Bh6 21. Be3 Bg7 22. Rxc8 Rxc8 23. Rc1 e6 24. Rxc8 Bxc8 25. Bc4 e5 26. Bd3 f5 27. exf5 gxf5 28. Qc2 Qf8 29. Qc7 Kh8 30. Bg5 e4 31. Be2 Bd4+ 32. Kf1 f4 33. fxe4 Bg4 34. Qd8 Qxd8 35. Bxd8 Bd7 36. Bxa5 h4 37. h3 Kg7 38. Be1 f3 39. Bxf3 b5 40. a5 Bb2 41. a6 Bd4 42. Bf2 1-0

[Event "Titled Tuesday intern op 29th Dec"]
[Site "Chess.com INT"]
[Date "2020.12.29"]
[Round "5"]
[White "Mogirzan, Matei Valeriu"]
[Black "Recuero Guerra, Javier"]
[Result "0-1"]
[WhiteElo "1813"]
[BlackElo "2226"]
[PlyCount "68"]
[EventDate "2020.12.29"]
[EventType "swiss (blitz)"]
[EventRounds "11"]
[EventCountry "USA"]
[SourceTitle "CBM 200 Extra"]
[Source "ChessBase"]
[SourceDate "2021.03.31"]
[SourceVersion "1"]
[SourceVersionDate "2021.03.31"]
[SourceQuality "1"]

1. b3 e5 2. c4 Nf6 3. Bb2 Nc6 4. g3 d5 5. cxd5 Qxd5 6. Nf3 e4 7. Nc3 Qh5 8. Nh4 Bc5 9. e3 Bg4 10. Be2 Ne5 11. h3 Nd3+ 12. Bxd3 Bxd1 13. Nxe4 Nxe4 14. g4 Qxh4 15. Bxe4 0-0-0 16. Rxd1 Rhe8 17. Bf5+ Kb8 18. Ke2 g6 19. Bc2 f5 20. f3 Qg5 21. Bc1 fxg4 22. hxg4 h5 23. Rdf1 hxg4 24. f4 Qd5 25. Bxg6 Rg8 26. f5 g3 27. Rhg1 Qd3+ 28. Ke1 Qc2 29. Ke2 Qd3+ 30. Kf3 Rdf8 31. Kg4 Rxg6+ 32. fxg6 Rxf1 33. g7 Qg6+ 34. Kh4 Rxg1 0-1

[Event "Titled Tuesday intern op 29th Dec"]
[Site "Chess.com INT"]
[Date "2020.12.29"]
[Round "6"]
[White "Recuero Guerra, Javier"]
[Black "Schekachikhin, Maksim"]
[Result "1-0"]
[WhiteElo "2226"]
[BlackElo "2416"]
[PlyCount "69"]
[EventDate "2020.12.29"]
[EventType "swiss (blitz)"]
[EventRounds "11"]
[EventCountry "USA"]
[SourceTitle "CBM 200 Extra"]
[Source "ChessBase"]
[SourceDate "2021.03.31"]
[SourceVersion "1"]
[SourceVersionDate "2021.03.31"]
[SourceQuality "1"]

1. c4 e5 2. g3 h5 3. h4 c6 4. Bg2 d5 5. cxd5 cxd5 6. d4 e4 7. Nc3 Nc6 8. Nh3 Bg4 9. Nf4 Bb4 10. Be3 Nge7 11. Rc1 Qa5 12. Qb3 0-0-0 13. 0-0 Kb8 14. a3 Bxc3 15. Rxc3 f6 16. Rfc1 Ka8 17. Rc5 Qb6 18. Rb5 Qc7 19. Nxd5 Nxd5 20. Rxd5 g5 21. Rxd8+ Qxd8 22. Bxe4 Bd7 23. d5 Na5 24. Qc3 gxh4 25. Qd4 Qb6 26. Qxb6 axb6 27. Bxb6 Nb3 28. Rc3 Nd2 29. Bg2 hxg3 30. fxg3 Re8 31. d6 Ne4 32. Rc7 Bc6 33. d7 Bxd7 34. Rxd7 Kb8 35. Bxe4 1-0

[Event "Titled Tuesday intern op 29th Dec"]
[Site "Chess.com INT"]
[Date "2020.12.29"]
[Round "7"]
[White "Titus, Andrew L"]
[Black "Recuero Guerra, Javier"]
[Result "1-0"]
[WhiteElo "2158"]
[BlackElo "2226"]
[PlyCount "79"]
[EventDate "2020.12.29"]
[EventType "swiss (blitz)"]
[EventRounds "11"]
[EventCountry "USA"]
[SourceTitle "CBM 200 Extra"]
[Source "ChessBase"]
[SourceDate "2021.03.31"]
[SourceVersion "1"]
[SourceVersionDate "2021.03.31"]
[SourceQuality "1"]

1. e4 e5 2. Nf3 Nc6 3. Bb5 a6 4. Ba4 Nf6 5. 0-0 Be7 6. d3 b5 7. Bb3 d6 8. a3 0-0 9. Nc3 Be6 10. Nd5 Re8 11. h3 Nd7 12. c3 Nc5 13. Ba2 Bf8 14. Re1 Ne7 15. d4 Nd7 16. Nxe7+ Qxe7 17. d5 Nc5 18. dxe6 fxe6 19. Be3 Nb7 20. Ng5 Nd8 21. f4 exf4 22. Bxf4 h6 23. Nf3 g6 24. Qd2 Kh7 25. e5 d5 26. Rad1 Bg7 27. Bb1 Nf7 28. Qd3 Nh8 29. g3 c5 30. Nh4 Qf7 31. Rf1 c4 32. Qc2 Re7 33. Bxh6 Bxh6 34. Rxf7+ Rxf7 35. Nxg6 Be3+ 36. Kg2 Rf2+ 37. Qxf2 Bxf2 38. Nxh8+ Kxh8 39. Kxf2 d4 40. Rxd4 1-0

[Event "Titled Tuesday intern op 01st Dec"]
[Site "Chess.com INT"]
[Date "2020.12.01"]
[Round "7"]
[White "Baskin, Robert"]
[Black "Recuero Guerra, Javier"]
[Result "1-0"]
[WhiteElo "2390"]
[BlackElo "2226"]
[PlyCount "63"]
[EventDate "2020.12.01"]
[EventType "swiss (blitz)"]
[EventRounds "11"]
[EventCountry "USA"]
[SourceTitle "CBM 199 Extra"]
[Source "ChessBase"]
[SourceDate "2021.01.31"]
[SourceVersion "1"]
[SourceVersionDate "2021.01.31"]
[SourceQuality "1"]

1. e4 e5 2. Nf3 Nc6 3. Bb5 a6 4. Ba4 Nf6 5. 0-0 Be7 6. Re1 b5 7. Bb3 d6 8. c3 0-0 9. h3 Na5 10. Bc2 c5 11. d4 Nd7 12. Nbd2 exd4 13. cxd4 Nc6 14. d5 Nce5 15. Nxe5 Nxe5 16. a4 Rb8 17. axb5 axb5 18. f4 Ng6 19. Nf3 Bh4 20. Rf1 Bg3 21. f5 Ne5 22. Ng5 Qf6 23. Qh5 h6 24. Ra3 hxg5 25. Bxg5 g6 26. Bxf6 gxh5 27. Rxg3+ Kh7 28. Be7 Ba6 29. Bxd6 b4 30. Rf4 Rg8 31. Rxg8 Rxg8 32. Bxe5 1-0